| 000 | 00898nam a2200229 i 4500 | ||
|---|---|---|---|
| 001 | 75971 | ||
| 003 | ES-MaACL | ||
| 005 | 20230906172656.0 | ||
| 007 | t| | ||
| 008 | 040928m19141918fr ||||1| fre d | ||
| 080 | _a960-17".../04" | ||
| 100 | 1 |
_aGsell, Stephane. _960268 |
|
| 245 | 1 | 0 |
_aHistoire ancienne de l'Afrique du Nord / _cStephane Gsell. |
| 250 | _a2eme. ed. rev. | ||
| 260 |
_aParis : _b[s.n.], _c1914-1918 ( _eCoulommiers : _fPaul Brodard) |
||
| 300 |
_a4 v ; _c24 cm. |
||
| 505 | 8 | _aContiene: I. Les conditions du développement historique, les temps primitifs, la colonisation phénicienne et l'empire de Carthage - II. L'Etat carthaginois - III. Histoire militaire de Carthage - IV. La civilisation carthaginoise | |
| 650 | 4 |
_aFenicios. _9136094 |
|
| 650 | 4 |
_aCartagineses. _910795 |
|
| 651 | 4 |
_aCartago (Ciudad desaparecida)- _xHistoria. _9147979 |
|
| 852 |
_aES-MaACL _jC-2120-3 |
||
| 999 |
_c75971 _d75971 |
||